| 000 | 00931nam a2200265 i 4500 | ||
|---|---|---|---|
| 001 | 107970 | ||
| 003 | ES-MaACL | ||
| 005 | 20250829080507.0 | ||
| 007 | t| | ||
| 008 | 070105s1970 sp ||||1| spa d | ||
| 080 | _a86-311.2"15" | ||
| 080 | _a86-313.1"16" | ||
| 130 | 0 |
_aLazarillo de Tormes. _9122472 |
|
| 245 | 1 | 0 |
_aLazarillo de Tormes ; _bEl diablo cojuelo / _cLuis Vélez de Guevara ; edición y notas de Inmaculada Ferrer ; prólogo de Francisco Rico. |
| 260 |
_aEstella (Navarra) : _bSalvat, _c1970. |
||
| 300 |
_a178 p. ; _c19 cm. |
||
| 490 | 1 |
_aBiblioteca básica Salvat de Libros RTV ; _v65 |
|
| 700 | 1 |
_aVélez de Guevara, Luis, _d1579-1644 _9113833 |
|
| 700 | 1 |
_aFerrer, Inmaculada. _950420 |
|
| 700 | 1 |
_aRico, Francisco, _d1942- _997012 |
|
| 740 | 3 | 2 | _aEl diablo cojuelo. |
| 830 | 1 | 0 |
_aBiblioteca básica Salvat de libros RTV _v65 _9185398 |
| 852 | 4 |
_aES-MaACL _jE-2986 |
|
| 999 |
_c107970 _d107970 |
||